Informació estadística de l'assistència sanitària extrahospitalària a Catalunya, 1981 / responsable de la publicació: Elisa Sèculi i Sánchez Elisa Sèculi i Sánchez
Publicado:
Barcelona :
Generalitat de Catalunya, Departament de Sanitat i Seguretat Social, Direcció General d'Ordenació i Planificació Sanitària ,
1984
Descripción Física:
237 p., [5] f. ; 30 cm
MARC
| LEADER | 00000nam a2200000Ia 4500 | ||
|---|---|---|---|
| 001 | 1348 | ||
| 008 | 160829s1984 xx 000 0 cat d | ||
| 080 | |a C-2-42 | ||
| 100 | |a Sèculi i Sànchez, Elisa |9 34171 | ||
| 245 | |a Informació estadística de l'assistència sanitària extrahospitalària a Catalunya, 1981 / responsable de la publicació: |b Elisa Sèculi i Sánchez | ||
| 260 | |a Barcelona : |b Generalitat de Catalunya, Departament de Sanitat i Seguretat Social, Direcció General d'Ordenació i Planificació Sanitària, |c 1984 | ||
| 300 | |a 237 p., [5] f. ; |c 30 cm | ||
| 650 | |a Salut pública |x Catalunya |x Estadístiques |x 1981 |9 34172 | ||
| 650 | |a Serveis sanitaris |x Catalunya |x Estadístiques |x 1981 |9 34173 | ||
| 710 | 1 | |a Catalunya. |b Direcció General d'Ordenació i Planificació Sanitària |9 56422 | |
| 901 | |a Arxiu | ||
| 942 | |n 1 | ||
| 952 | |0 0 |1 0 |4 0 |6 C242 |7 1 |9 46413 |a Arxiu |b Arxiu |d 2016-12-01 |l 0 |o C-2-42 |p 1348 |r 2016-12-01 00:00:00 |w 2016-12-01 |y ARXIU | ||
| 999 | |c 50198 |d 50198 | ||